header

Keeping together in time (Record no. 57802)

MARC details
000 -LEADER
fixed length control field 01562nam a2200385Ia 4500
100 1# - MAIN ENTRY--AUTHOR NAME
Personal name McNeill, William Hardy,
245 10 - TITLE STATEMENT
Title Keeping together in time
260 ## - PUBLICATION, DISTRIBUTION, ETC. (IMPRINT)
Place of publication Cambridge, Ma :
Name of publisher Harvard University Press,
Year of publication 1995.
300 ## - PHYSICAL DESCRIPTION
Number of Pages viii, 198 p. :
Other physical details ill.
650 #0 - SUBJECT ADDED ENTRY--TOPICAL TERM
Topical Term World history.
Topical Term Military history.
Topical Term Unit cohesion (Military science)
Topical Term Drill and minor tactics.
Topical Term Rhythm
Topical Term Rhythm
Topical Term Dance
Topical Term Dance
Topical Term Movement, Psychology of.
856 40 - ELECTRONIC LOCATION AND ACCESS
Uniform Resource Identifier http://site.ebrary.com/lib/rucke/Doc?id=10314192

No items available.

© 2026 Rongo University
Contact us: librarian | system librarian | Rongo university